Personnages célèbres - Série 20 - Statistiques

Statistiques générales
  • Ce quiz a été pris 282 fois
  • Le résultat moyen est 6 sur 15
Statistiques - réponses
Par images Réponse % Correct
Bénabar
77%
Bixente Lizarazu
73%
Dany Brillant
68%
Rowan Atkinson
62%
Antonio Banderas
57%
Jean Pierre Bacri
50%
Yvan Attal
43%
Claire Keim
40%
Louis Pasteur
38%
Isabelle Boulay
33%
Jacques Balutin
25%
Marie Christine Barrault
13%
Frédéric Chopin
10%
Alfred Nobel
8%
Gérard Blanchard
7%
Aucun quiz correspondant
Distribution des résultats
% des personnes avec chaque résultat
Percentile par nombre de réponses
Votre historique - résultats
Vous n’avez pas pris ce quiz